|
|
|
|
| LEADER |
00000nam a22000007a 4500 |
| 005 |
20170309232512.0 |
| 007 |
cr|||| ||| |
| 008 |
170309s2016 mx |||||s|||| 00||0 spa d |
| 020 |
|
|
|a 978-607-8463-34-3
|
| 035 |
|
|
|a 14837
|
| 040 |
|
|
|a vLex
|
| 090 |
|
|
|c 6594
|d 6594
|
| 100 |
1 |
|
|a Nę︢z ℓlvarez, Luis
|
| 245 |
1 |
0 |
|a Finanzas 1
|h [Recurso electrn̤ico] :
|b Contabilidad, Planeacin̤ y Administracin̤ Financiera /
|c Luis Nę︢z ℓlvarez
|
| 256 |
|
|
|a Servicio en ln̕ea
|
| 260 |
|
|
|a Mx̌ico DF:
|b Instituto Mexicano de Contadores Pb︢licos,
|c 2016
|
| 300 |
|
|
|a 1 recurso electrn̤ico
|
| 500 |
|
|
|a Las finanzas en el mundo cada da̕ son ms̀ importantes, de ah ̕que en Mx̌ico las instituciones educativas (universidades o tecnolg̤icos) hayan actualizado los planes y programas de esta r̀ea, a fin de que los egresados de las licenciaturas de Contabilidad, Administracin̤ de Empresas, Economa̕ y Sistemas Computacionales, tomen el tema financiero como algo de suma importancia que les ayude a visualizar mejor el panorama de las finanzas en el mundo de los negocios. El autor de Finanzas 1. Contabilidad, planeacin̤ y administracin̤ financiera, basado en la experiencia adquirida en el campo de la docencia, durante ms̀ de 15 aǫs, y de haber asistido a talleres y cursos de actualizacin̤ en la materia, presenta informacin̤ utilizada en sus ct̀edras, la cual est ̀dirigida a estudiantes de licenciaturas y posgrados relacionados con las finanzas, a profesionistas y personas en general, con el props̤ito de servir como instrumento de estudio y de consulta en el tema financiero. Esta obra, dividida en seis capt̕ulos, presenta cuestionarios de reforzamiento, adems̀ de ejemplos y ejercicios que ayudarǹ al estudiante a comprender el aspecto ter̤ico de las finanzas. Esperamos que este libro sirva para entender la contabilidad, las finanzas (en los diversos campos, incluida el r̀ea de los mercados financieros) y el anl̀isis financiero, lo cual pueda ayudar a la toma de decisiones en el desarrollo de las empresas, en la evaluacin̤ de proyectos de inversin̤ y en las decisiones de apoyo a las finanzas gubernamentales.
|
| 506 |
1 |
|
|a Disponible solo en los productos indicados
|d vLex Global
|d vLex Global (Academic Edition, excluding Law Schools)
|d vLex Global (U.S. Academic Edition, Law Schools)
|d vLex Global (U.S. Academic Edition, excluding Law Schools)
|d vLex Global (Academic Edition, Law Schools)
|
| 650 |
0 |
4 |
|a Derecho Mercantil y de la Empresa
|z Mx̌ico
|
| 650 |
0 |
4 |
|a Financiero
|z Mx̌ico
|
| 650 |
0 |
4 |
|a Economa̕ y negocios
|z Mx̌ico
|
| 650 |
0 |
4 |
|a Contabilidad
|z Mx̌ico
|
| 650 |
0 |
4 |
|a Banca y finanzas
|z Mx̌ico
|
| 740 |
0 |
|
|a vLex Libros (Servicio en ln̕ea)
|
| 856 |
4 |
0 |
|u http://vlex.com/source/finanzas-1-contabilidad-planeacion-y-administracion-financiera-14837
|z Acceso restringido
|
| 942 |
|
|
|c BOOK
|
| 999 |
0 |
|
|a Commercial and Company Law
|
| 999 |
0 |
|
|a Financial
|
| 999 |
0 |
|
|a Economy and business
|
| 999 |
0 |
|
|a Accounting
|
| 999 |
0 |
|
|a Banking and Finance
|